Εικονική πραγματικότητα υπό το πρίσμα της δυναμικής της γνωσιακής επιστήμης : η περίπτωση του CΑVE του Ι.Μ.Ε. : μεταπτυχιακή εργασία
Αποθηκεύτηκε σε:
| Κύριος συγγραφέας: | |
|---|---|
| Συγγραφή απο Οργανισμό/Αρχή: | |
| Μορφή: | Thesis Βιβλίο |
| Γλώσσα: | Greek |
| Δημοσίευση: |
2007.
|
| Θέματα: | |
| Διαθέσιμο Online: | http://hdl.handle.net/11610/16369 |
| Ετικέτες: |
Προσθήκη ετικέτας
Δεν υπάρχουν, Καταχωρήστε ετικέτα πρώτοι!
|
MARC
| LEADER | 00000cam a2200000 i 4500 | ||
|---|---|---|---|
| 001 | 1/943 | ||
| 008 | 090820s2007 gr | ||| |||| ||gre|| | ||
| 035 | |l 10105417 | ||
| 040 | |a GR-MyUa |b gre |e AACR2 | ||
| 041 | 0 | |a gre | |
| 082 | 7 | |a 153.4 |2 (22) | |
| 100 | 1 | |a Κνήτης, Νικόλαος. | |
| 245 | 1 | 0 | |a Εικονική πραγματικότητα υπό το πρίσμα της δυναμικής της γνωσιακής επιστήμης : |b η περίπτωση του CΑVE του Ι.Μ.Ε. : μεταπτυχιακή εργασία / |c Νικόλαος Κνήτης ; επιβλέπων καθηγητής: Δημήτρης Παπαγεωργίου. |
| 260 | |c 2007. | ||
| 300 | |a 320 σ. : |b εικ. ; |c 30 εκ. | ||
| 502 | |a Διατριβή (μεταπτυχιακή) – Πανεπιστήμιο Αιγαίου, Λέσβος, 2007. | ||
| 504 | |a Βιβλιογραφία: 318-320. | ||
| 650 | 0 | 0 | |a Virtual reality. |
| 650 | 0 | 0 | |a Cognition |x Psychological aspects. |
| 650 | 0 | 0 | |a Neurosciences. |
| 650 | 0 | 0 | |a Cognitive science. |
| 650 | 0 | 0 | |a Learning, Psychology of. |
| 650 | 0 | 0 | |a Knowledge, Theory of. |
| 650 | 0 | 0 | |a Human information processing. |
| 650 | 0 | 0 | |a Dissertations, Academic |z Greece. |
| 700 | 1 | |a Παπαγεωργίου, Δημήτρης, |e dgs | |
| 710 | 2 | |a Πανεπιστήμιο Αιγαίου. |b Σχολή Κοινωνικών Επιστημών. |b Τμήμα Πολιτισμικής Τεχνολογίας και Επικοινωνίας. |b Πρόγραμμα Μεταπτυχιακών Σπουδών Πολιτισμική Πληροφορική και Επικοινωνία. | |
| 852 | |a INST |b LESVOS |c DIATR |e 20090820 |h 89 |p 005100045749 |q 005100045749 |t MTXE |y 23 | ||
| 852 | |a INST |b LESVOS |c DIATR |e 20090820 |h 90 |p 005100045748 |q 005100045748 |t MTXE |y 23 | ||
| 856 | |u http://hdl.handle.net/11610/16369 | ||
| 901 | |a BIBL1-2009-2 | ||
| 924 | |a Κνήτης |b Νικόλαος |y Λέσβος |z 2007-10 | ||
| 970 | |a ΤΖΑΦΕΡΗ |b ΕΥΑΓΓΕΛΙΑ |z 2009/08/20 | ||